European public procurement (Record no. 117077)

MARC details
000 -LEADER
fixed length control field 01155cam a2200229 4500
001 - CONTROL NUMBER
control field WB4009-07
008 - FIXED-LENGTH DATA ELEMENTS--GENERAL INFORMATION
fixed length control field 040304n2004 000 0 eng u
035 ## - SYSTEM CONTROL NUMBER
System control number (Sirsi) u125337
245 ## - TITLE STATEMENT
Title European public procurement
260 ## - PUBLICATION, DISTRIBUTION, ETC.
Date of publication, distribution, etc. 2004
490 ## - SERIES STATEMENT
Series statement RICS Project Management Faculty News
Volume/sequential designation 1 March 2004 (1)
520 ## - SUMMARY, ETC.
Summary, etc. A consultation process has been launched by the Office of Government Commerce to identify the barriers faced by British businesses in accessing the estimated 1 500bn annual European market in public procurement. The consultation will run until early April with the findings and recommendation being presented later this year. Further information about the review and a questionnaire are available at http://www.woodreview.org. RICS Project Management Faculty News http://www.rics.org/ricscms/bin/show?class=News&te mplate=/includes/shownews.html&id=8351&faculty=Pro jectManagement&faculty=AllFaculties.
590 ## - LOCAL NOTE (RLIN)
Local note WB
590 ## - LOCAL NOTE (RLIN)
Local note WB
650 ## - SUBJECT ADDED ENTRY--TOPICAL TERM
Topical term or geographic name entry element PUBLIC PROCUREMENT
650 ## - SUBJECT ADDED ENTRY--TOPICAL TERM
Topical term or geographic name entry element EUROPE
650 ## - SUBJECT ADDED ENTRY--TOPICAL TERM
Topical term or geographic name entry element BUSINESSES
650 ## - SUBJECT ADDED ENTRY--TOPICAL TERM
Topical term or geographic name entry element EUROPEAN MARKET
650 ## - SUBJECT ADDED ENTRY--TOPICAL TERM
Topical term or geographic name entry element PROCUREMENT CONTRACTS
690 ## - LOCAL SUBJECT ADDED ENTRY--TOPICAL TERM (OCLC, RLIN)
Topical term or geographic name as entry element FINANCE
942 ## - ADDED ENTRY ELEMENTS (KOHA)
Suppress in OPAC 0
Holdings
Withdrawn status Lost status Source of classification or shelving scheme Damaged status Not for loan Home library Current library Shelving location Date acquired Total Checkouts Full call number Barcode Date last seen Copy number Price effective from Koha item type
    Dewey Decimal Classification     London London News article 04/03/2004   WB4009-07 125337-1001 06/08/2019 1 06/08/2019 News article